Memoria sobre el comercio y navegación de las islas Filipinas / (Record no. 48640)

MARC details
000 -LEADER
campo de control de longitud fija 01023nam a2200289 i 4500
001 - NÚMERO DE CONTROL
campo de control 48640
003 - IDENTIFICADOR DE NÚMERO DE CONTROL
campo de control ES-MaACL
005 - FECHA Y HORA DE LA ÚLTIMA TRANSACCIÓN
campo de control 20250903063058.0
007 - CAMPO FIJO DE DESCRIPCIÓN FÍSICA--INFORMACIÓN GENERAL
campo de control de longitud fija t|
008 - DATOS DE LONGITUD FIJA--INFORMACIÓN GENERAL
campo de control de longitud fija 950726e1838 sp |r 00110|spa
040 ## - FUENTE DE CATALOGACIÓN
Centro catalogador/agencia de origen CAM
Lengua de catalogación spa
Centro/agencia transcriptor ES-MaACL
080 ## - NÚMERO DE LA CLASIFICACIÓN DECIMAL UNIVERSAL
Número de la Clasificación Decimal Universal 339.5(599)
100 1# - ENTRADA PRINCIPAL--NOMBRE DE PERSONA
Nombre de persona Díaz Arenas, Rafael,
Fechas asociadas al nombre -1866
Término indicativo de función/relación Autor
9 (RLIN) 44176
245 10 - MENCIÓN DEL TÍTULO
Título Memoria sobre el comercio y navegación de las islas Filipinas /
Mención de responsabilidad, etc. por Don Rafael Díaz Arenas
260 ## - PUBLICACIÓN, DISTRIBUCIÓN, ETC.
Lugar de publicación, distribución, etc. Cádiz :
Nombre del editor, distribuidor, etc. [s.n.],
Fecha de publicación, distribución, etc. 1838
Fabricante (Imp. de D. Domingo Féros)
300 ## - DESCRIPCIÓN FÍSICA
Extensión II, 95, [5] páginas ;
Dimensiones 20 cm
500 ## - NOTA GENERAL
Nota general Índice
530 ## - NOTA DISPONIBLE DE FORMULARIO FÍSICO ADICIONAL
Nota de formato físico adicional disponible Disponible en formato digital
651 #4 - PUNTO DE ACCESO ADICIONAL DE MATERIA--NOMBRE GEOGRÁFICO
Nombre geográfico Filipinas-
Subdivisión general Comercio exterior
9 (RLIN) 164396
700 1# - ENTRADA AGREGADA--NOMBRE PERSONAL
Nombre de persona Féros, Domingo
Término indicativo de función/relación Impresor
9 (RLIN) 242185
752 ## - ENTRADA AGREGADA--NOMBRE JERÁRQUICO DEL LUGAR
País o entidad superior España -
Ciudad Cádiz
852 4# - LOCALIZACIÓN
Ubicación ES-MaACL
Ubicación en estantería Depósito
Signatura antigua Olim:T-130-F
Número de control de estantería R-3092(3)
Encuadernación
856 4# - LOCALIZACIÓN Y ACCESO ELECTRÓNICOS
Identificador Uniforme de Recursos <a href="https://babel.hathitrust.org/cgi/pt?id=hvd.hntzqe&seq=9">https://babel.hathitrust.org/cgi/pt?id=hvd.hntzqe&seq=9</a>
Texto de enlace Versión en línea
Nota pública (HathiTrust)
942 ## - ELEMENTOS DE ENTRADA SECUNDARIOS (KOHA)
Tipo de ítem Koha Libro impreso antiguo
Suprimir en OPAC No
Holdings
Estatus retirado Estado de pérdida Estado de daño No para préstamo Colección Biblioteca de origen Biblioteca actual Ubicación en estantería Fecha de adquisición Fuente de adquisición Total de préstamos Signatura topográfica completa Código de barras Visto por última vez Precio de reemplazo Tipo de ítem Koha
        Libros del s. XIX Biblioteca del Ateneo de Madrid Biblioteca del Ateneo de Madrid Depósito 17/01/2008     R-3092(3) 1051186 23/02/2023 23/02/2023 Libro impreso antiguo